Super Animal Royale all Super Foxes - Statistics

General Stats
  • This quiz has been taken 7 times
  • The average score is 6 of 15
Answer Stats
Hint Answer % Correct
(Common) Super Fox
100%
(Epic) Super Fennec Fox
67%
(Legendary) Super Rotting Fox
67%
(Legendary) Super Arctic Fox
50%
(Epic) Supercharge Fox
33%
(Epic) (Super Edition) Super Hellfire Fox
33%
(Uncommon) Super Maroon Fox
33%
(Rare) Supersonic Fox
33%
(Epic) (Season 0 Starter Pack) Super Twilight Fennec Fox
33%
(Epic) Super Twilight Fox
33%
(Epic) Super White Fox
33%
(Rare Super Emerald Fox
17%
(Uncommon) Super Pink Fox
17%
(Rare) Super Pixile Fox
17%
(Epic) Super Shadow Fox
0%
No matching quizzes found
Score Distribution
Percent of People with Each Score
Percentile by Number Answered
Your Score History
You have not taken this quiz